Detalles MARC
| 000 -CABECERA |
| Longitud fija campo de control |
01247nam a2200361 c 4500 |
| 001 - NÚMERO DE CONTROL |
| Número de control |
10277 |
| 003 - IDENTIFICADOR DE NÚMERO DE CONTROL |
| Identificador del número de control |
ES-MaCES |
| 005 - FECHA Y HORA DE LA ÚLTIMA TRANSACCIÓN |
| Fecha y hora de la última transacción |
20141221122047.0 |
| 008 - CAMPO FIJO DE DESCRIPCIÓN FIJA--INFORMACIÓN GENERAL |
| Códigos de información de longitud fija |
000222s1999 sp d s o000 | spa d |
| 017 ## - NÚMERO DE REGISTRO DE DERECHOS DE AUTOR Y DEPÓSITO LEGAL |
| Número de copyright o de depósito legal |
M 4799-2000 |
| Agencia que asigna el número |
DL |
| 020 ## - ISBN (INTERNATIONAL STANDARD BOOK NUMBER) |
| Número Internacional Normalizado para Libros (ISBN) |
8426034594 |
| 024 7# - OTROS IDENTIFICADORES |
| Número normalizado o código |
103-99-029-4 |
| Fuente del número o código |
nipo |
| 035 ## - NÚMERO DE CONTROL DEL SISTEMA |
| Número de control del sistema |
CES20000002732m |
| 040 ## - FUENTE DE CATALOGACIÓN |
| Centro catalogador de origen |
ES-MaCES |
| Lengua de catalogación |
spa |
| Centro transcriptor |
ES-MaCES |
| 245 00 - MENCIÓN DE TÍTULO |
| Título |
Tablas de mortalidad de la población española 1996-1997 |
| Mención de responsabilidad, etc. |
Instituto Nacional de Estadística |
| 260 ## - PUBLICACIÓN, DISTRIBUCIÓN, ETC (PIE DE IMPRENTA) |
| Lugar de publicación, distribución, etc. |
Madrid |
| Nombre del editor, distribuidor, etc. |
INE |
| Fecha de publicación, distribución, etc. |
1999 |
| 300 ## - DESCRIPCIÓN FÍSICA |
| Extensión |
39 p. |
| Otras características físicas |
gráf. |
| Dimensiones |
30 cm |
| 500 ## - NOTA GENERAL |
| Nota general |
Dir. de E-mail: info@ine.es |
| 541 ## - NOTA DE LA FUENTE INMEDIANTE DE ADQUISICIÓN |
| Forma de adquisición |
Gratuito |
| 650 #4 - ASIENTO SECUNDARIO DE MATERIA--TÉRMINO DE MATERIA |
| Término de materia o nombre geográfico como elemento inicial |
mortalidad |
| 9 (RLIN) |
28506 |
| 650 #4 - ASIENTO SECUNDARIO DE MATERIA--TÉRMINO DE MATERIA |
| Término de materia o nombre geográfico como elemento inicial |
esperanza de vida |
| 9 (RLIN) |
29809 |
| 650 #4 - ASIENTO SECUNDARIO DE MATERIA--TÉRMINO DE MATERIA |
| Término de materia o nombre geográfico como elemento inicial |
España |
| 9 (RLIN) |
26964 |
| 650 #4 - ASIENTO SECUNDARIO DE MATERIA--TÉRMINO DE MATERIA |
| Término de materia o nombre geográfico como elemento inicial |
1996-1997 |
| 9 (RLIN) |
31088 |
| 650 #4 - ASIENTO SECUNDARIO DE MATERIA--TÉRMINO DE MATERIA |
| Término de materia o nombre geográfico como elemento inicial |
datos estadísticos |
| 9 (RLIN) |
30765 |
| 650 #4 - ASIENTO SECUNDARIO DE MATERIA--TÉRMINO DE MATERIA |
| Término de materia o nombre geográfico como elemento inicial |
informe |
| 9 (RLIN) |
28986 |
| 653 10 - TÉRMINO DE INDEXACIÓN--NO CONTROLADO |
| Término no controlado |
Estadísticas demográficas-Población-Movimientos migratorios |
| 710 2# - ENCABEZAMIENTO SECUNDARIO--NOMBRE CORPORATIVO |
| Nombre de entidad o nombre de jurisdicción como elemento inicial |
Instituto Nacional de Estadística (España) |
| 9 (RLIN) |
4273 |
| 787 0# - ENTRADA DE OTRAS ESPECIFICACIONES |
| Título |
Tablas de mortalidad de la población española 1998-1999 |
| Número de control del registro relacionado |
(ES-MaCES)13513 |
| 787 0# - ENTRADA DE OTRAS ESPECIFICACIONES |
| Título |
Tablas de mortalidad de la población española 1994-1995 |
| Número de control del registro relacionado |
(ES-MaCES)7067 |
| 902 ## - CES. TIPO DE DOCUMENTO |
| Tipodoc (006$c Sirtex) |
LIB Libro |
| 942 ## - ELEMENTOS KOHA |
| Fuente de clasificaión o esquema |
Clasificación propia del CES |
| Koha [por defecto] tipo de item |
Monografías |
| Parte de clasificación |
8.1. |